Responses for show #2865 - Friday, January 31, 1997

Contestants

Joyce Sturgill, a remedial English teacher from Fort Pierce, Florida

Chris Borglum, an English professor from Altamonte Springs, Florida

Davia Worthen, a teacher's aide from Lafayette, Indiana (whose 2-day cash winnings total $19,998)

Jeopardy! Round responses

VALENTINE'S DAY
(that's coming up!)
TRANSPORTATION
FOREIGN SPORTS STARS
ANIMALS
PREGNANCY & CHILD CARE
DOUBLE "P" WORDS
(Alex: 2 "P"s in each correct response.)
    $100 22
Rabbi

Davia
    $100 26
Rickshaw

Davia
    $100 1
Steffi Graf

Davia
    $100 15
Polar Bear

Chris
    $100 17
Diapers

Davia
    $100 7
Puppet

Davia
    $200 16
(J: Who is Stalin?)

Nikita Khrushchev

DaviaJoyce
    $200 27
(D: What is the International Commerce Commission?)

Interstate Commerce Commission

DaviaChris
    $200 2
Los Angeles Dodgers

Chris
    $200 14
Turtle

Joyce
    $200 18
(C: What is yellow?)

Blue baby

ChrisJoyce
    $200 8
Poppies

Davia
    $300 23
Carl Bernstein

Chris
    $300 28
Heathrow

Davia
    $300 3
Mario Lemieux

Davia
    $300 6
Possum

Davia
    $300 19
Anesthesia

Joyce
    $300 9
Cappuccino

Chris
    $400 24
Arizona

Joyce
    $400 29
Cunard Line

Triple Stumper
    $500 4
Oksana Baiul

Davia
    $400 12
Chipmunk

Joyce
    $400 20
Umbillical Cord/Umbillicus

Chris
    $400 10
Opportunity

Chris
    $500 25
(J: What is a lung?)

Liver

DaviaJoyce
    $500 30
Toronto

Joyce
    $500 5
Emerson Fittipaldi

Chris
    $500 13
(C: What is a gorilla?)

Howler Monkey

ChrisJoyce
    $500 21
Ultrasound

Joyce
    $500 11
Apparel

Chris

Scores at the first commercial break (after clue 14):

Davia Chris Joyce
$1,500 $1,400 $1,100

Scores at the end of the Jeopardy! Round:

Davia Chris Joyce
$2,600 $2,200 $2,300

Double Jeopardy! Round responses

RUSSIAN WRITERS
STATE CAPITALS
THE OSCARS
MUSIC CLASS
THE 1980S
GLASS
    $200 26
Anton Chekhov

Chris
    $200 28
Honolulu

Davia
    $200 5
"Annie"

Davia
    $200 14
Symphony

Davia
    $200 27
Coca-Cola

Joyce
    $200 21
Fiberglass

Davia
    $400 9
Fyodor Dostoyevsky

Chris
    $400 4
Albany

Davia
    $400 6
"Annie Hall"

Davia
    $400 15
Rest

Joyce
    $1,500 18
(C: Who is Ovitz?)

Michael Eisner

Chris
    $400 30
Jamestown

Joyce
    $600 1
"Doctor Zhivago"

Chris
    $600 11
Dover

Davia
    $600 7
"Anna Christie"

Triple Stumper
    $600 16
C

Chris
    $600 17
(C: Who is Duvalier?)
(Alex: Which one?)

Jean-Claude "Baby Doc" Duvalier

Chris
    $600 24
Obsidian

Davia
    $800 2
Aleksandr Solzhenitsyn

Chris
    $1,000 12
Santa Fe, New Mexico

Davia
    $800 8
(D: Who is Anna Panquin?)

Anna Paquin

DaviaChris
    $800 22
Glissando

Triple Stumper
    $800 19
Budget Director

Joyce
    $800 25
Louis Tiffany

Chris
    $1000 3
Aleksandr Pushkin

Chris
    $1000 13
(J: What is Boston?)

Concord, New Hampshire

Joyce
Triple Stumper
    $1000 10
(C: Who is Lupino?)

Anna Magnani

ChrisJoyce
    $1000 23
(C: What is tone?)
(we have less than a minute to go....)

Rhythm/Beat

Chris
Triple Stumper
    $1000 20
(C: What is El Salvador?)

Costa Rica

ChrisJoyce
    $1000 29
Corning

Triple Stumper

Scores at the end of the Double Jeopardy! Round:

Davia Chris Joyce
$5,600 $3,500 $5,100

[wagering suggestions for these scores]

Final Jeopardy! Round responses

THE CABINET
(Alex: Government cabinet.)
(Alex: Monday--the teens. Join us then. So long everybody!)
ChrisWho is Janet Reno?
$2,500
JoyceWho is Elisabeth Dole?
$1,901
DaviaWho is Janet Reno?
$1,401
(1 of) Elizabeth Dole & Frances Perkins

Final scores:

Davia Chris Joyce
$4,199 $1,000 $7,001
2nd place: a trip to Jamaica 3rd place: Hammerman rings New champion: $7,001

Game dynamics:

Coryat scores:

Davia Chris Joyce
$5,300 $5,000 $5,100
21 R
(including 2 DDs),
2 W
18 R,
6 W
(including 1 DD)
14 R,
3 W

Combined Coryat: $15,400

The J! Archive is created by fans, for fans. The Jeopardy! game show and all elements thereof, including but not limited to copyright and trademark thereto, are the property of Jeopardy Productions, Inc. and are protected under law. This website is not affiliated with, sponsored by, or operated by Jeopardy Productions, Inc. Join the discussion at JBoard.tv.